Heraldika na Slovensku : Zborník zo sympózia, 5.-7.9.1996 v Trenčíne

Saved in:
Bibliographic Details
Other Authors: Šišmíš, Milan (Compiler)
Format: Book
Language:Slovak
Published: Martin : Ministerstvo kultúry SR, 1997
Subjects:
Tags: Add Tag
No Tags, Be the first to tag this record!

MARC

LEADER 00000nam a22000003a 4500
001 stu49906
005 20150617225708.4
008 990608s1997------------------------slo-d
020 |a 80-967709-4-2 
040 |a STU  |b slo 
041 0 |a slo 
100 1 |a Šišmíš, Milan  |4 com 
245 1 |a Heraldika na Slovensku :  |b Zborník zo sympózia, 5.-7.9.1996 v Trenčíne 
260 |a Martin :  |b Ministerstvo kultúry SR,  |c 1997 
300 |a 259 s 
650 7 |a heraldika  |2 stusub 
996 |b 284AU00407  |c A*2996 U  |l AAKNAR  |s A  |a 24  |w stu49906_0001